[Event "VII Sunway Sitges Open 2020"]
[Site "Sitges"]
[Date "2020.12.21"]
[Round "8.4"]
[White "Fier, Alexandr"]
[Black "Santos Latasa, Jaime"]
[Result "1/2-1/2"]
[WhiteElo "2558"]
[BlackElo "2600"]
[Annotator "TA"]
[PlyCount "75"]
[EventDate "2020.12.13"]
[EventType "swiss"]
[EventCountry "ESP"]
[SourceTitle "playchess.com"]
[Source "ChessBase"]
[SourceQuality "1"]

{[%evp 24,75,38,27,29,34,22,28,29,22,21,23,36,7,33,0,0,8,13,14,24,14,57,27,22,17,17,17,16,19,18,16,14,14,28,-71,-20,-20,-19,-25,-22,-27,0,-30,26,-60,56,62,58,0,60,8,8,8]} 1. e4 e5 2. Nf3 Nc6 3. Bb5 a6 4. Ba4 Nf6 5. O-O Nxe4 6. d4 b5 7. Bb3 d5 8. dxe5 Be6 9. Nbd2 Nc5 10. c3 d4 11. Bxe6 Nxe6 12. cxd4 Ncxd4 13. a4 Bb4 {The modern move. C80: Open Ruy Lopez: Sidelines and 9 Nbd2.} 14. axb5 Nxb5 ({Much worse is} 14... axb5 $6 15. Rxa8 Qxa8 16. Nxd4 $16) 15. Nc4 O-O {White has an edge.} 16. Be3 {[#]} a5 $146 ({Predecessor:} 16... c5 17. Qb1 Nbd4 18. Qe4 f5 19. exf6 Qxf6 20. Nfe5 Qf5 21. Qxf5 Rxf5 22. g3 Nc2 {1-0 (64) Robson,N (2540)-Duliba,E (2538) ICCF email 2011}) 17. Qc2 Qd5 18. Rfc1 h6 19. Qf5 Rfd8 20. Qg4 Kh8 21. h3 Qd3 22. Kh1 Kh7 23. Kh2 (23. Rd1 $5 Qg6 24. Qxg6+ Kxg6 25. Rxd8 Rxd8 26. g4 $14) 23... Qg6 24. Qxg6+ Kxg6 25. Rd1 Rxd1 26. Rxd1 a4 27. Rd7 Rd8 28. Nh4+ Kh7 $1 29. Rxf7 (29. Rxd8 $1 $11 {was the only way to keep the balance.} Nxd8 30. f4) 29... Nbd4 (29... Kg8 $17 30. Rf3 Nbd4) 30. Nf5 $11 {[#] Strongly threatening Nxd4.} Nc2 {White must now prevent ...Kg6.} 31. Nxg7 Nxg7 32. Rxc7 Re8 33. f4 Re7 (33... Nxe3 $142 34. Nxe3 Bd2) 34. Rc8 (34. Rxe7 $11 Bxe7 35. Bb6) 34... Re8 (34... Nh5 $1 $15 35. Bc1 Be1) 35. Rxe8 $14 Nxe8 36. Bf2 (36. Bb6 $1 $14) 36... Nc7 (36... Ne1 $1 $11) 37. Nb6 ({White should play} 37. Kg3 $1 $14) 37... Ne6 $11 38. f5 {Weighted Error Value: White=0.19/Black=0.22} 1/2-1/2

[Event "VII Sunway Sitges Open 2020"]
[Site "Sitges"]
[Date "2020.12.21"]
[Round "8.5"]
[White "Narciso Dublan, Marc"]
[Black "Lagarde, Maxime"]
[Result "1/2-1/2"]
[WhiteElo "2492"]
[BlackElo "2651"]
[Annotator "TA"]
[PlyCount "100"]
[EventDate "2020.12.13"]
[EventType "swiss"]
[EventCountry "ESP"]
[SourceTitle "playchess.com"]
[Source "ChessBase"]
[SourceQuality "1"]

{[%evp 30,100,23,31,45,37,44,12,129,51,45,37,139,117,222,215,210,184,193,146,177,129,131,125,104,112,110,105,101,112,113,104,115,110,103,56,64,9,22,0,0,-72,0,0,0,0,0,0,0,-113,-7,-38,0,0,0,0,0,0,0,0,0,0,0,0,0,0,0,0,0,0,0,0,0]} 1. d4 Nf6 2. c4 g6 3. Nc3 Bg7 4. e4 d6 5. Be2 O-O 6. Nf3 e5 7. d5 a5 8. Bg5 h6 9. Bh4 Na6 10. Nd2 Qe8 11. O-O Nh7 12. a3 Bd7 13. Kh1 h5 14. f3 Bh6 15. b3 Be3 16. Ra2 {is the legacy move (16.Rb1).} f5 {E92: King's Indian: Classical: 6 Be2 e5: 7 dxe5, 7 Be3 and Petrosian System without 7...Nbd7.} 17. exf5 gxf5 18. Qb1 {[#]} c5 $146 (18... Kh8 $11 {keeps the balance.}) ({Predecessor:} 18... Qg6 19. b4 Kh8 20. Nd1 Bh6 21. Bf2 Rg8 22. Rg1 Bf4 23. Ne3 h4 24. Bd3 Raf8 {½-½ (45) Zarnescu,M (2428)-Krzyzanowski,A (2347) ICCF email 2015}) 19. dxc6 (19. Na4 $16) 19... bxc6 $14 20. b4 Be6 (20... Rb8 $14) 21. Nb3 d5 (21... axb4 $16 {might work better.} 22. axb4 Qd7) 22. Nxa5 d4 23. Nd1 Bh6 24. Bd3 Nc5 25. bxc5 {Strongly threatening Nb7.} Rxa5 26. Re1 Bg7 27. Nf2 Qf7 28. Rb2 Rxa3 29. Rb7 Qg6 30. Be7 Rf7 31. Rb8+ Nf8 32. Bd6 Rfa7 33. g3 (33. Kg1 $14) 33... Ra2 $11 34. Kg2 {Hoping for Bxf8.} h4 $1 $36 {[%mdl 2048] Black has good play.} 35. Re2 (35. Rb2 $11 Rxb2 36. Qxb2) 35... Rxe2 ({Better is} 35... Ra1 $17 36. Qb2 e4 $1 {[%mdl 512]} 37. Bxf8 Bxf8 38. fxe4 f4 39. Rxf8+ {[%mdl 64] Decoy} Kxf8 40. Qb8+ Kg7 41. Qe5+ Qf6 42. Qxf6+ Kxf6 43. gxf4 Rg7+ 44. Kf3 Ra3) 36. Bxe2 hxg3 37. hxg3 {Threatens to win with Bxf8.} Rf7 38. Nd3 f4 39. Qe1 {[#]} (39. g4 $11 {remains equal.}) 39... Qg5 (39... Bf5 $1 $17 {[%cal Rf5d3]} 40. Nxe5 Bxe5 41. Bxe5 Qh5) 40. Bf1 {[%cal Rd3e5]} (40. Re8 {seems wilder.} Bd7 41. Ra8 fxg3 42. Qxg3 Qe3 43. Bf1) 40... Bxc4 {And now ...fxg3 would win.} (40... Ra7 {is interesting.} 41. g4 Bxg4 42. fxg4 Qxg4+ 43. Kh2 Ra2+) 41. Nxe5 {The position is equal.} Bxf1+ 42. Kxf1 Bxe5 $1 43. Qxe5 Qxe5 44. Bxe5 fxg3 45. Bxd4 Rxf3+ $15 {KRB-KRN} 46. Kg2 Rd3 47. Be5 Kf7 48. Bxg3 Ne6 49. Rc8 Rd2+ 50. Kf1 Nxc5 {Blacks defense is rewarded with a draw. Accuracy: White = 67%, Black = 69%.} 1/2-1/2

[Event "VII Sunway Sitges Open 2020"]
[Site "Sitges"]
[Date "2020.12.21"]
[Round "8.6"]
[White "Lever, Erwan"]
[Black "Santos Ruiz, Miguel"]
[Result "1/2-1/2"]
[WhiteElo "2200"]
[BlackElo "2581"]
[Annotator "TA"]
[PlyCount "89"]
[EventDate "2020.12.13"]
[EventType "swiss"]
[EventCountry "ESP"]
[SourceTitle "playchess.com"]
[Source "ChessBase"]
[SourceQuality "1"]

{[%evp 18,89,21,16,15,-16,-10,-14,31,35,58,52,46,0,0,0,42,23,18,18,19,0,0,0,0,0,0,0,0,0,0,0,0,-40,-38,-41,-54,-78,-73,-89,-89,-79,-78,-81,-53,-207,-215,-196,-195,-341,-277,-341,-117,-135,-92,-209,-232,-1171,-114,-103,0,0,0,0,0,0,0,0,0,0,0,0,0,0]} 1. d4 Nf6 2. c4 e6 3. g3 c5 4. d5 exd5 5. cxd5 g6 6. Nc3 d6 7. Bg2 Bg7 8. Nf3 O-O 9. O-O Re8 10. Bf4 Bf5 $1 {[%mdl 4] now scores much better than the old 10...a6. A62: Modern Benoni: Fianchetto Variation without early ...Nbd7.} 11. Nd2 Nh5 12. Be3 Rxe3 13. fxe3 {[#]} Nd7 $146 {[%cal Bb8d7,Bd7e5,Be5c4,Bc4e3][%mdl 32]} ({Predecessor:} 13... Qe7 14. e4 Bd4+ 15. Kh1 Bg4 16. Nf3 Bg7 17. Qd2 h6 18. e5 dxe5 19. d6 Qd7 {1-0 (35) Berdnyk,M (2324)-Beydullayeva,G (2263) chess.com INT 2020}) 14. e4 Bg4 $1 15. h3 Bd4+ 16. Kh2 Ne5 17. Nf3 (17. hxg4 Nxg4+ 18. Kh3 Qg5 19. Rxf7 Nf4+ $1 {[%mdl 512]} 20. gxf4 Nf2+ 21. Kh2 Qh4+ 22. Kg1 Nxd1+ 23. e3 Bxe3+ 24. Kf1 Qf2#) 17... Bxf3 18. exf3 Nc4 $1 {Threatens to win with ...Nxg3!} 19. Qc1 Ne3 {And now ...Nxg3! would win.} 20. Re1 Qg5 21. Ne2 Be5 $1 {[%cal Re5g3]} 22. Kg1 {Threatening h4.} Nxg3 23. Nxg3 Bf4 $40 {[%mdl 128] Black is up to no good.} 24. h4 $1 {[%cal Rh4g5]} Qh6 $1 25. Qd2 {Qe2 is the strong threat.} (25. Qc3 $5 {[%cal Rg3e2]} Nxg2 26. Kxg2 Qxh4 27. Nf1 $11) 25... Nf1 26. Qxf4 $1 Qxf4 27. Nxf1 Qxh4 28. Ne3 Re8 {[%mdl 1024] Black has strong compensation.} 29. Nc4 Qf4 30. a4 h5 31. Kf2 $2 (31. Ra3 $15) 31... h4 $1 $19 32. Ke2 f5 33. Rg1 (33. Rh1 $142) 33... Qh2 (33... fxe4 34. fxe4 Qh2 35. Kd3 $19) 34. Kd3 h3 $2 (34... fxe4+ $19 {has better winning chances.} 35. fxe4 Qg3+ 36. Ne3 h3 37. Bxh3 c4+ $1 {[%mdl 512]} 38. Ke2 Qxh3 39. Rxg6+ Kf7) 35. Bh1 $17 Kf7 36. f4 (36. b3 $17 {was necessary.}) 36... Qxf4 $19 {[%cal Rf5e4]} ({And not} 36... fxe4+ 37. Ke3 $11) 37. Raf1 $2 (37. Rgf1 Qg3+ 38. Kc2) 37... Qh2 $2 (37... h2 $19 {is more deadly.} 38. Nd2 hxg1=Q 39. Rxg1 Rxe4 $1 {[%mdl 512]} 40. Bxe4 fxe4+ 41. Nxe4 Qf3+ 42. Kd2 Qxe4 {[%mdl 64] Double Attack} 43. Rf1+ Kg7) 38. Bf3 $17 Kf6 {[#]} ({Black should try} 38... Re7 $17 {Hoping for ...Qf4.} 39. Bh5 Rxe4 40. Rxf5+ {[#]} Ke7 $1 {[%mdl 512]} 41. Rxg6 Rf4 42. Rg7+ Kd8 43. Rg8+ Ke7 44. Rg7+ Kd8 45. Rg8+ Ke7 46. Rg7+) 39. Bh5 $1 $11 {[%mdl 512] The position is equal.} Rxe4 ({Don't go for} 39... gxh5 $2 40. Rxf5+ Ke7 41. Rg7+ Kd8 42. Rff7 $18) 40. Rxg6+ Ke7 {Strongly threatening ...Rxc4!} 41. Rxf5 {Rg7+ would kill now.} Rf4 ({Don't blunder} 41... Rd4+ $2 42. Ke3 $18) 42. Rg7+ Kd8 43. Rg8+ Kc7 44. Rg7+ Kd8 (44... Kb8 $5 45. Rg8+ $8 Kc7 46. Rg7+ Kd8 47. Rg8+ Ke7 48. Rg7+ Kd8 $11) 45. Rg8+ {Whites escaped into a draw.  Weighted Error Value: White=0.45/Black=0.28} 1/2-1/2

[Event "VII Sunway Sitges Open 2020"]
[Site "Sitges"]
[Date "2020.12.21"]
[Round "8.7"]
[White "Maze, Sebastien"]
[Black "Dardha, Daniel"]
[Result "1/2-1/2"]
[WhiteElo "2557"]
[BlackElo "2487"]
[Annotator "TA"]
[PlyCount "64"]
[EventDate "2020.12.13"]
[EventType "swiss"]
[EventCountry "ESP"]
[SourceTitle "playchess.com"]
[Source "ChessBase"]
[SourceQuality "1"]

{[%evp 9,64,24,37,33,31,0,33,28,44,3,45,43,47,10,39,23,32,42,64,47,41,41,37,57,48,51,48,37,37,37,28,37,37,30,40,47,35,35,37,36,52,33,29,3,3,3,4,4,4,5,41,-6,7,0,0,0,0]} 1. e4 c5 2. Nf3 Nc6 3. Nc3 Nf6 4. Bb5 g6 5. h3 Bg7 6. e5 {B30: Sicilian: 2...Nc6 3 Bb5, lines without ...g6.} Ng8 7. O-O Nh6 8. d4 {White is slightly better.} cxd4 {[#]} 9. Ne4 $146 ({Predecessor:} 9. Nxd4 Nxe5 10. Re1 Nc6 11. Nd5 O-O 12. Nxc6 dxc6 13. Nxe7+ Kh8 14. Nxc8 Rxc8 15. Bd3 {1-0 (58) Kriebel,T (2514)-Riha,V (2288) Ostrava 2019}) 9... O-O 10. Re1 ({Much worse is} 10. Nxd4 Nxe5 11. Ng3 d5 $15) 10... a6 11. Bf1 d6 12. exd6 $1 e5 13. c3 Nf5 14. cxd4 Ncxd4 15. Nxd4 Nxd4 16. Bg5 f6 17. Be3 Kh8 $1 18. Bxd4 exd4 19. Rc1 {[#] aiming for Rc7.} (19. Qxd4 $2 f5 $17) 19... f5 20. Ng5 Qxg5 21. Rc7 Bf6 {Hoping for ...Qf4.} 22. d7 {[#]} Bxd7 $1 23. Rxd7 b5 24. Re6 Rad8 25. Rxd8 Rxd8 26. Rxa6 d3 27. Bxd3 Bxb2 28. Qc2 Bd4 29. Bxb5 f4 30. Bc6 Kg7 {The position is equal.} 31. Ra8 Rxa8 32. Bxa8 Qa5 {Weighted Error Value: White=0.07/Black=0.08} 1/2-1/2

[Event "VII Sunway Sitges Open 2020"]
[Site "Sitges"]
[Date "2020.12.21"]
[Round "8.8"]
[White "Sochacki, Christophe"]
[Black "Plat, Vojtech"]
[Result "1-0"]
[WhiteElo "2469"]
[BlackElo "2562"]
[Annotator "TA"]
[PlyCount "95"]
[EventDate "2020.12.13"]
[EventType "swiss"]
[EventCountry "ESP"]
[SourceTitle "playchess.com"]
[Source "ChessBase"]
[SourceQuality "1"]

{[%evp 10,95,43,25,45,52,72,20,26,20,24,14,23,33,80,83,97,55,49,56,82,84,133,133,125,143,166,162,169,171,241,98,111,110,113,104,123,132,131,137,249,252,486,494,476,478,567,144,145,145,145,145,145,135,136,143,147,147,147,147,147,147,147,147,147,147,147,147,147,147,147,147,29966,29967,29967,29968,29967,29968,29970,29969,29971,29972,29972,29973,29972,29973,29968,29966]} 1. e4 e5 2. Nf3 d6 3. d4 exd4 4. Nxd4 Nf6 5. Nc3 Be7 6. Bf4 c6 {C41: Philidor Defence.} 7. Qd2 b5 {[%cal Bb7b5,Bb5b4][%mdl 32]} 8. Bd3 (8. a3 $16) 8... O-O $11 {[#] The position is equal.} 9. O-O $146 ({Predecessor:} 9. f3 a6 10. O-O-O c5 11. Nf5 Bxf5 12. exf5 d5 13. Bg5 b4 14. Na4 c4 15. Be2 {0-1 (22) Straub,P (2086)-El Amari,K (2137) Gibraltar 2006}) 9... b4 10. Nce2 c5 11. Nf3 d5 12. exd5 Qxd5 13. c4 bxc3 14. Nxc3 Qb7 15. Rfe1 Rd8 16. Qc2 $1 Nc6 17. Ng5 Rd4 18. Bxh7+ Kf8 19. Be3 Rh4 (19... Rd8 $142 20. Nce4 Nb4) 20. Nce4 $40 {[%mdl 128] White attacks with force.} (20. Be4 $18 {and White stays clearly on top.}) 20... Nxh7 $16 21. Nxh7+ Kg8 {Threatens to win with ...Nb4.} (21... Rxh7 $2 22. Nxc5 Bf5 23. Qxf5 $18 (23. Nxb7 Bxc2 24. Rac1 Be4 $17)) 22. Nhg5 $1 Nb4 23. Qc4 Be6 {[#]} 24. Nf6+ $1 {[%mdl 576] Discovered Attack} gxf6 (24... Bxf6 $16 25. Qxh4 Bxg5 26. Qxg5 (26. Bxg5 Nc2 $16) 26... Nc2) 25. Qxh4 $18 {Qh7+ would kill now.} fxg5 $2 (25... Bf5 {might work better.} 26. Bxc5 fxg5 27. Rxe7 Qxe7) 26. Bxg5 Nd5 {and the idea ...Bf8 leaves Black hopeful.} 27. Rad1 Rb8 28. Rxd5 $2 (28. b3 $18 {has better winning chances.}) 28... Qxd5 $16 29. Bxe7 {White threatens Bf6 and mate.} Rb4 30. Qf6 {Hoping for h3.} Rg4 {[%csl Gg4][%cal Rd5g2]} 31. g3 Rd4 {intending ...Rd1.} 32. Qg5+ ({Much worse is} 32. Qh6 $6 Rd1 $11) 32... Qxg5 33. Bxg5 Bxa2 {[%mdl 4096] Endgame KRB-KRB} 34. Be3 Rb4 35. Bxc5 Rxb2 36. Bxa7 Rb1 37. Rxb1 Bxb1 {KB-KB} 38. g4 Be4 39. h3 f5 40. Kh2 fxg4 $2 {[%mdl 8192] Black cannot hold the game after this.} (40... Kf7 $16) 41. hxg4 {White mates.} Kg7 42. Kg3 Kg6 {[#]} 43. f4 $1 Bc2 44. Bb6 Bb1 45. Bd8 Bc2 46. Kf2 Bd3 47. Ke3 Bc2 48. Kd4 {Weighted Error Value: White=0.28/Black=0.35} 1-0

[Event "VII Sunway Sitges Open 2020"]
[Site "Sitges"]
[Date "2020.12.21"]
[Round "8.9"]
[White "Flom, Gabriel"]
[Black "Batsiashvili, Nino"]
[Result "1/2-1/2"]
[WhiteElo "2499"]
[BlackElo "2460"]
[Annotator "TA"]
[PlyCount "93"]
[EventDate "2020.12.13"]
[EventType "swiss"]
[EventCountry "ESP"]
[SourceTitle "playchess.com"]
[Source "ChessBase"]
[SourceQuality "1"]

{[%evp 16,93,16,-14,0,-9,-4,-56,-15,-57,26,30,38,25,38,15,35,30,41,0,20,14,53,14,96,87,111,106,130,128,143,130,157,119,119,118,124,100,193,197,174,107,127,108,108,108,108,105,96,97,99,97,132,98,247,253,245,162,164,159,224,223,284,274,283,260,277,247,245,150,165,165,150,66,66,66,80,0,66,0]} 1. d4 Nf6 2. c4 e6 3. Nc3 Bb4 4. e3 O-O 5. Bd3 d5 6. cxd5 exd5 7. Nge2 Re8 8. O-O Bf8 9. f3 c5 {E48: Nimzo-Indian: Rubinstein: 5 Bd3 d5 including 6 Ne2, but excluding 6 a3.} 10. Kh1 Nc6 11. g4 (11. dxc5 $11 Bxc5 12. Nf4) 11... g6 {Black is slightly better.} 12. Rg1 {[#]} Bg7 $146 ({Better is} 12... h6 $15) ({Predecessor:} 12... a6 13. a4 b6 14. Qf1 Bg7 15. Qf2 Bb7 16. Bd2 Qd6 17. Rad1 Re7 18. Bc1 Rae8 {½-½ (26) Johansson,V (2188)-Welin,M (2286) Stockholm 2000}) 13. dxc5 $11 Nd7 14. Bc2 Nxc5 15. Nxd5 Be6 16. Nef4 Rc8 17. a3 a5 18. Rb1 a4 19. Nxe6 (19. b4 $5 {[%cal Rb4c5]} axb3 20. Bxb3 $14) 19... Rxe6 (19... fxe6 $11 20. Nc3 Ne5) 20. e4 $16 Nd4 {[#]} 21. Rg2 $1 Rec6 22. Be3 Nxc2 23. Qxc2 Nb3 24. Qd3 Rc4 25. Rd1 b5 26. g5 Nc5 (26... Bd4 $16 27. Qe2 (27. Bxd4 $2 Rxd4 28. Qxd4 Nxd4 $19) 27... Qd6) 27. Qf1 Kh8 28. Nf6 ({White should play} 28. Bg1 $18) 28... Qe7 29. Rgd2 Bxf6 30. gxf6 $40 {[%mdl 128] White attacks with force.} Qxf6 {[#]} 31. Bd4 $1 {[%mdl 512]} Rxd4 32. Rxd4 Ne6 33. R4d2 Rc5 34. Qf2 Rh5 (34... Rc4 $16 35. Rf1 Nd4) 35. Rd5 $18 Rh4 36. Rxb5 Rxe4 37. Rb4 Re5 (37... Rf4 $16) 38. Rxa4 Rf5 39. Rf1 h5 40. Rc4 Kh7 41. b4 Ng5 {[%cal Rf5f3]} 42. f4 {Threatens to win with b5.} Qa6 43. Qc2 Ne6 44. a4 (44. Qb3 $16) 44... Qa8+ $14 45. Kg1 {Strongly threatening b5.} Qa7+ 46. Kh1 {a5 is the strong threat.} Qa8+ 47. Kg1 {Weighted Error Value: White=0.21/Black=0.26} (47. Qe4 $14 Qxa4 48. Kg1) 1/2-1/2

[Event "VII Sunway Sitges Open 2020"]
[Site "Sitges"]
[Date "2020.12.21"]
[Round "8.10"]
[White "Grigoryan, Karen H."]
[Black "Vasquez Schroeder, Rodrigo"]
[Result "1-0"]
[WhiteElo "2659"]
[BlackElo "2441"]
[Annotator "TA"]
[PlyCount "75"]
[EventDate "2020.12.13"]
[EventType "swiss"]
[EventCountry "ESP"]
[SourceTitle "playchess.com"]
[Source "ChessBase"]
[SourceQuality "1"]

{[%evp 13,75,25,31,14,31,32,21,26,31,13,20,16,11,5,13,0,0,-12,-24,-13,0,0,0,-24,-31,-35,0,0,0,0,24,0,0,0,35,-24,-10,-11,0,-16,-26,-7,79,91,455,466,462,361,837,35,844,826,904,878,5365,772,752,466,29990,29991,29991,29992,29992,726]} 1. d4 Nf6 2. c4 e6 3. Nc3 Bb4 4. g3 O-O 5. Bg2 d5 6. Nf3 b6 7. O-O Bb7 8. cxd5 {E21: Nimzo-Indian: 4 Nf3.} Bxc3 9. bxc3 Bxd5 10. Ba3 {The position is equal.} Re8 {[#]} 11. Rc1 $146 ({Predecessor:} 11. c4 Bxc4 12. Ng5 Bd5 13. e4 Bb7 14. Re1 h6 15. Nh3 Nbd7 16. Nf4 e5 17. dxe5 Nxe5 {½-½ (39) Nielsen,M (2390)-Morais,V ICCF corr 1988}) 11... Nbd7 12. c4 Be4 13. Qb3 c5 14. Rfd1 Qc7 15. d5 exd5 16. cxd5 Qd6 17. Bb2 a6 ({Don't play} 17... Bxd5 $6 18. Ne1 $14) (17... Nxd5 $2 18. Nh4 $18) 18. Nh4 Bxg2 19. Kxg2 Rxe2 {Strongly threatening ...Ng4.} 20. Nf5 Qc7 21. Kg1 Rae8 {[#]} 22. Ne7+ $1 {[%mdl 512]} Kf8 (22... R2xe7 23. d6) 23. d6 Qb7 24. Re1 (24. Bxf6 $14 Nxf6 25. Rxc5 $1 {[%mdl 576] Pin}) 24... Qe4 $11 25. Qc3 $1 b5 {White must now prevent ...b4.} 26. Rxe2 Qxe2 27. Re1 Qh5 (27... Qc4 $11 {keeps the balance.}) 28. Qe3 $1 $16 {Hoping for Bxf6.} Ra8 $2 {[%mdl 8192]} (28... Qh3 $16 {is a better chance.}) 29. Bxf6 $18 Nxf6 30. Nc6 Qh3 $2 (30... h6 31. d7 Nxd7) 31. Qe7+ $40 {[%mdl 128] White mounts an attack.} Kg8 32. Nd8 $1 {Threatening mate with Qe8+!} h6 33. Qxf7+ Kh8 {[#]} 34. Ne6 $1 {[%mdl 512]} Rg8 35. d7 Ng4 {[#]} (35... Nxd7 $18 36. Qxd7 Qf5) 36. Qxg8+ $1 {[%mdl 576] Remove Defender, Promotion. White mates.} Kxg8 37. d8=Q+ Kh7 38. Qh4 {Weighted Error Value: White=0.20/Black=0.62} (38. Nf8+ $142 Kh8 {[#]} 39. Nh7+ $1 {[%mdl 576] Decoy} Kxh7 40. Qd3+ Kg8 41. Qd5+ {[%mdl 64] Double Attack} Kf8 42. Qd8+ Kf7 43. Qe8+ Kf6 44. Re6+ {[%mdl 64] Double Attack} Kg5 45. Qg6#) 1-0

[Event "VII Sunway Sitges Open 2020"]
[Site "Sitges"]
[Date "2020.12.21"]
[Round "8.11"]
[White "Vlachos, Anatole"]
[Black "Cornette, Matthieu"]
[Result "0-1"]
[WhiteElo "2413"]
[BlackElo "2558"]
[Annotator "TA"]
[PlyCount "166"]
[EventDate "2020.12.13"]
[EventType "swiss"]
[EventCountry "ESP"]
[SourceTitle "playchess.com"]
[Source "ChessBase"]
[SourceQuality "1"]

{[%evp 9,166,3,2,4,16,12,14,9,24,25,22,25,36,18,11,-4,-28,-17,-15,0,44,28,45,45,45,44,37,44,47,48,36,33,52,8,3,6,10,6,10,14,20,23,23,0,15,-25,-36,-89,-32,-13,-13,-85,0,0,6,-140,-122,-169,-84,-213,-198,-247,-125,-113,-120,-114,-17,-14,0,-19,-18,-8,-6,-147,-6,-8,0,0,0,0,0,0,0,-81,-87,-93,-81,-93,-93,-93,-94,-347,-181,-440,-440,-444,-372,-392,-364,-832,-750,-735,-712,-5620,-773,-5110,-2912,-5069,-392,-5970,-627,-12845,-12851,-29946,-832,-29957,-29958,-29958,-29952,-29961,-29967,-29961,-29968,-29967,-12822,-29969,-29970,-29970,-29971,-29967,-29972,-29964,-29973,-4714,-29974,-29973,-29975,-29973,-29974,-29974,-29975,-29973,-29970,-29972,-29973,-29973,-29974,-29975,-29976,-29976,-29977,-29979,-29980,-29980,-29981,-29981,-29982,-29982,-29983]} 1. f4 d5 2. Nf3 Nh6 3. e3 g6 4. d4 Bg7 5. c4 dxc4 6. Bxc4 {A03: Bird's Opening with 1...d5.} c5 7. d5 O-O 8. O-O {The position is equal.} Nf5 {[#]} 9. e4 $146 ({Predecessor:} 9. Nc3 Nd6 10. Qe2 Nxc4 11. Qxc4 Nd7 12. Bd2 b5 13. Qxb5 Rb8 14. Qc4 Rxb2 15. Rab1 Rxb1 16. Rxb1 {½-½ (23) Greshnykh,M (2243)-Fagerstrom,B (2146) ICCF email 2008}) 9... Nd6 10. Bd3 c4 11. Bc2 Qb6+ {[%mdl 64] Double Attack} 12. Kh1 Bxb2 13. Bxb2 Qxb2 14. Nbd2 b5 (14... c3 $5 {[%cal Rc3d2]} 15. Rb1 Qxa2 $15) 15. Rb1 Qa3 16. Nd4 Qe3 17. Nxb5 Nxb5 18. Rxb5 Ba6 19. Rf3 ({Inferior is} 19. Nxc4 Qc3 $17) 19... Qd4 20. Ra5 Rc8 21. Nb1 Qb6 22. Rfa3 Bb7 23. Nc3 a6 24. Qg1 Qc7 25. e5 Nd7 26. Qd4 Nc5 27. Qxc4 Qb6 {Threatens to win with ...Ne6.} 28. Qd4 ({Better is} 28. Qf1 $15) 28... Qb2 (28... Nd7 $17 29. Qxb6 Nxb6) 29. Qd1 $15 ({Don't blunder} 29. Rxc5 $2 Qxa3 30. Ne4 Rxc5 $19) 29... Qb4 30. Qd2 (30. f5 $1 $11) 30... Rc7 (30... Rd8 $1 $17 31. Ne4 Qxd2 32. Nxd2 Rac8) 31. h3 $11 Rd8 {Hoping for ...Rxd5!} 32. d6 (32. f5 $1 $11 {was the only way to keep the balance.}) 32... exd6 $1 $17 33. exd6 Ne6 (33... Qb6 $1 $19 {and Black stays clearly on top.} 34. Ne4 Nxe4 35. Bxe4 Rxd6) 34. f5 (34. R5a4 $17 {was forced.} Qc5 35. Be4) 34... Rxd6 $19 35. Qe3 Qf4 (35... Ng7 $19 36. Be4 Nxf5 37. Bxf5 gxf5) 36. Qxf4 $17 Nxf4 37. Be4 Bxe4 ({Black should try} 37... Rd2 $17 {aiming for ...Bxe4.} 38. Bxb7 Rxb7) 38. Nxe4 $11 Rd1+ 39. Kh2 {[#]} Rc2 $1 {[%csl Gf4][%cal Rc2g2][%mdl 512]} 40. Rg3 Re1 $36 {[%mdl 2048] White is under pressure.} 41. Ra4 (41. Rc5 $11 {remains equal.} Ree2 42. Rxc2 Rxc2 43. a3) 41... Nh5 (41... Nd5 $17 {And now ...Ne3 would win.} 42. fxg6 hxg6) 42. Rg4 Rcc1 {[%csl Gc1][%cal Re1h1]} 43. Ng3 $1 {[%cal Rg3h5]} Nf6 44. Rgc4 Rxc4 45. Rxc4 {[%mdl 4096] Endgame KRN-KRN} g5 46. Rc2 (46. Rc6 $11 {keeps the balance.} Kg7 47. Rxa6) 46... h5 $17 {Black converts the advantage convincingly.} 47. Re2 Ra1 48. Ne4 Nxe4 {[%mdl 64] Overworked Piece} 49. Rxe4 Rxa2 {KR-KR} 50. Rc4 $2 {[%mdl 8192]} (50. h4 $17 {is the only way for White.}) 50... Kg7 (50... h4 $142 51. Rg4 f6) 51. Rc6 $2 (51. h4) 51... h4 $19 52. Kg1 a5 53. Ra6 a4 54. Kf1 $2 (54. Ra7) 54... a3 55. Kg1 Ra1+ 56. Kh2 a2 57. Ra8 Kf6 58. Ra5 Ke7 59. Ra6 $2 (59. Ra7+ Kd6 60. f6) 59... Kd7 (59... f6 $142 60. Ra7+ Kd6 61. Ra6+ Kd5) 60. Ra3 Kd6 61. Ra5 {Cut Off at move 61} Kc6 (61... f6 $142 62. Ra6+ Ke5 63. Ra5+ Kf4 64. Ra4+ Kxf5 65. Ra7 Ke5 66. Ra4 Kf5 67. Ra6 Kg6 68. Ra8 Kf7 69. Ra7+ Ke8 70. Ra5 Kd8 71. Ra7 Kc8 72. Ra8+ Kd7 73. Ra6 f5 74. Ra8 Ke6 75. Re8+ Kd7 76. Ra8 Ke6 77. Ra7 Ke5 78. Ra3 Kd5 79. Ra4 Kc5 80. Ra8 Kb6 81. Ra4 Kb5 82. Ra7 f4 83. Ra3 Kc4 84. Ra8 Kc3 85. Rc8+ Kd4 86. Ra8 Kc5 87. Ra4 Kb5 88. Ra3 Kb4 89. Ra8 Kc3 90. Rc8+ Kd2 91. Ra8 Ke1 92. Re8+ Kf1 93. Ra8 f3 $1 {[%mdl 512]} 94. g4 Re1 95. Rxa2 Re2+ {[%mdl 64] Double Attack} 96. Kh1 Kf2 97. Ra1 Kg3 98. Kg1 Rg2+ 99. Kf1 Rh2 100. Kg1 f2+ 101. Kf1 Rh1+ 102. Ke2 Rxa1 103. Kd2 f1=Q 104. Kc3 Rc1+ 105. Kd4 Kf4 106. Kd5 Qa6 107. Kd4 Qd6#) 62. Ra7 Kd5 63. Ra5+ Ke4 64. Ra7 f6 65. Ra5 Kf4 66. Ra6 Kxf5 67. Ra4 Ke5 68. Ra5+ Kd4 69. Ra4+ Ke3 70. Ra3+ Ke2 71. Ra5 {[#]} f5 $1 72. Re5+ {Black mates.} (72. Rxf5 Rf1) 72... Kd3 73. Ra5 f4 74. Ra8 Ke3 75. Re8+ Kd4 76. Ra8 {[#]} g4 $1 77. hxg4 {[#]} h3 $1 {[%mdl 512]} 78. g5 (78. gxh3 Ke3) 78... hxg2 79. Kxg2 {[#]} f3+ $1 {[%mdl 576] Deflection, Decoy} 80. Kxf3 Rf1+ 81. Kg4 a1=Q 82. Rxa1 Rxa1 83. Kf5 {[#]} Kd5 $1 {Weighted Error Value: White=0.91/Black=0.40} 0-1